=LDR 00000nam 2200000 4500 =001 INLIS000000000026303 =005 20201208095341 =035 ##$$a 0010-061300000026303 =008 201208################g##########0#ind## =041 ##$$a Ind =082 ##$$a 330.07 =090 ##$$a 330.07, Sri e =100 ##$$a Sriyono =245 1#$$a Ekonomi 2 untuk SMK tingkat II : $b Kurikulum SMK edisi 1999 /$c Drs. Sriyono =260 ##$$a Surakarta :$b Pabelan,$c 2001 =300 ##$$a xii, 72 hlm, : $b ilus. ; $c 27 x 20 cm. =650 #4$$a Ekonomi =850 ##$$a NBPNMAT =084 ##$$a 330.07 SRI e II =990 ##$$a 1032071